Loading...
Agnisudhi /
| Main Author: | |
|---|---|
| Format: | Printed Book |
| Language: | English |
| Published: |
Kozhikode:
Poorna publications,
c2010.
|
| Subjects: |
| LEADER | 00505nam a22001457a 4500 | ||
|---|---|---|---|
| 008 | 190314b ||||| |||| 00| 0 eng d | ||
| 999 | |c 332721 |d 332721 | ||
| 020 | |a 8130004003 | ||
| 082 | |2 2 nd ed. |a 813 | ||
| 100 | |a Sadanandan, S L Puram. | ||
| 245 | |a Agnisudhi / | ||
| 260 | |a Kozhikode: |b Poorna publications, |c c2010. | ||
| 650 | |a Malayalam fiction | ||
| 942 | |c BK | ||
| 952 | |0 0 |1 0 |2 ddc |4 0 |6 813_000000000000000_SAD_A |7 0 |9 379801 |a DRA |b DRA |c ST1 |d 2019-03-14 |i 10395 |l 0 |o 813 SAD/A |p DRA10395 |r 2019-03-14 |v 160.00 |w 2019-03-14 |y BK | ||